الصراع على القمة : (Record no. 25923)

MARC details
000 -الفاتح
حقل البيانات ثابتة الطول 01723nam a22003135a 4500
003 - محدد رقم الضبط
رقم الضبط OSt
005 - وقت وتاريخ اخر تعامل مع التسجيلة
رقم الضبط 20180110110558.0
008 - عناصر البيانات ثابتة الطول - معلومات عامة
حقل البيانات ثابتة الطول 180110s1995 ku frb 000 0 ara d
040 ## - مصدر الفهرسة
وكالة الفهرسة الأصلية EG-ScBUE
لغة الفهرسة ara
وكالة النسخ EG-ScBUE
041 1# - رمز اللغة
رمز لغة النص/ المسارات الصوتية أو العنوان الانفرادي ara
رمز لغة الترجمات و/او الاصلية المتوسطة للنص eng
043 ## - رمز المنطقة الجغرافية
رمز المنطقة الجغرافية n-us---
-- a-ja---
082 04 - رقم تصنيف ديوى العشرى
رقم التصنيف 337.73052
رقم المادة ث ا ر
رقم الطبعة 22
100 1# - المدخل الرئيسى - إسم شخصى
الإسم الشخصى ثارو، لستر.
240 10 - العنوان الموحد
عنوان موحد Head to Head : the coming economic battle among Japan, Europe, and America.
لغة العمل Arabic
245 12 - بيان العنوان
العنوان الصراع على القمة :
بقية العنوان مستقبل المنافسة الاقتصادية بين أمريكا واليابان /
بيان المسئوليه,etc تأليف لستر ثارو ؛ ترجمة أحمد فؤاد بلبع.
260 ## - PUBLICATION, DISTRIBUTION, ETC. (IMPRINT)
مكان الناشر او الموزع الصفاة، الكويت :
اسم الناشر او الموزع المجلس الوطني للثقافة والفنون والآداب،
تاريخ النشر أو التوزيع 1995.
300 ## - الوصف المادى
التعداد 382 ص. ؛
أبعاد الوعاء 24 سم.
490 0# - بيان السلسلة
عنوان السلسلة عالم المعرفة ؛
رقم المجلد/ التعيين التسلسلي 204
500 ## - تبصرة عامة
تبصرة عامة صدرت الطبعة الأصلية باللغة الإنجليزية بعنوان "Head to Head : the coming economic battle among Japan, Europe, America" عام 1993 في لندن.
504 ## - تبصرة ببليوجرافية
تبصرة ببليوجرافية,الخ يشتمل على إرجاعات الببليوجرافية.
546 ## - تبصرة اللغة
تبصرة اللغة النص باللغة العربية ؛ مترجم من اللغة الإنجليزية.
650 #7 - المدخل الاضافى بالموضوع-مصطلح موضوعى
مصطلح موضوعي أو اسم جغرافي كعنصر مدخل المنافسة الاقتصادية.
مصدر الرأس أو المصطلح BUEsh
650 #7 - المدخل الاضافى بالموضوع-مصطلح موضوعى
مصطلح موضوعي أو اسم جغرافي كعنصر مدخل الاقتصاد الدولي.
مصدر الرأس أو المصطلح BUEsh
651 #7 - المدخل الاضافى بالموضوع - اسم جغرافى
الاسم الجغرافي الولايات المتحدة الأمريكية
التقسيم الفرعي العام علاقات اقتصادية
التقسيم الفرعي الجغرافي اليابان.
مصدر الرأس أو المصطلح BUEsh
651 #7 - المدخل الاضافى بالموضوع - اسم جغرافى
الاسم الجغرافي اليابان
التقسيم الفرعي العام علاقات اقتصادية
التقسيم الفرعي الجغرافي الولايات المتحدة الأمريكية.
مصدر الرأس أو المصطلح BUEsh
653 ## - مصطلح تكشيفى غير مقيد
Resource For college BAEPS, Economics
-- Generalities
Arrived date list January2018
700 1# - المدخل الاضافى - اسم شخصى
الإسم الشخصى بلبع، أحمد فؤاد،
الدور مترجم.
9 (RLIN) 31517
942 ## - عناصر المدخل الإضافي( كوها)
مصدر التصنيف او مخطط الترفيف Dewey Decimal Classification
Holdings
حالة التراجع حالة الفقد مصدر التصنيف او خطة الترفيف حالة تلف ليس للاعارة المكان الدائم المكان الحالي موقع الترفيف تاريخ الاكتساب رقم الاستدعاء الباركود Date last seen نوع الوعاء
    Dewey Decimal Classification     Central Library Central Library First floor 10/01/2018 337.73052 ث ا ر 000042815 15/07/2025 Book - Borrowing